| 000 | 01007nam a2200301Ia 4500 | ||
|---|---|---|---|
| 001 | 92641 | ||
| 003 | IT-RoPAU | ||
| 008 | 130308s9999 xx 000 0 und d | ||
| 040 | _aIT-RoPAU | ||
| 040 | _cIT-RoPAU | ||
| 041 | _aSPAGNOLO | ||
| 100 | _aAlvarez Jesus Timoteo | ||
| 100 | _gCodice Aut. SPICS: 30867 | ||
| 245 | _aConceptos basicos para una codificacion de la historiadel periodismo o comunicacion | ||
| 245 | _bPrensa de los siglos XIX Y Xx (La)-Metodologia, Ideologia e Informacion. Aspectos Economicos Y Tecnologicos | ||
| 250 | _a1a ed. | ||
| 260 | _aBILBAO | ||
| 260 | _bUniversidad Del Pais Vasco | ||
| 260 | _c1986 [1° Ed.:1986 - Ed.Ling.Originale:1986] | ||
| 300 | _a"12 p. (prefazione: no ; testo: 12 [pagine: 21-32])" | ||
| 500 | _aConcetti basilari per una codificazione della Storia del Giornalismo o Comunicazione | ||
| 650 | _aSTORIA DELLA STAMPA DI MASSA | ||
| 650 | _eCodice materia Spics: 6658 | ||
| 942 | _cBK | ||
| 957 | _71 | ||
| 999 |
_c49752 _d49752 |
||
| 999 | _bSI | ||
| 999 | _g1 | ||